Statystyki dla FRIENDS - PRZYJACIELE - test wiedzy #1

Kliknij tutaj aby rozwiązać quiz!

Ogólne statystyki

  • Ten quiz został rozwiązany 332 razy
  • Średni wynik to 10 z 15

Statystyki odpowiedzi

HintOdpowiedź% Poprawnych
Ile żon miał Ross?3
99%
Ile rodzeństwa miał Chandler?0
95%
Jak nazywa się miejsce, w którym najwięcej czasu poza domem spędzali główni bohaterowie?Central Perk
89%
Jakiego języka próbowała nauczyć Joey'a Pheobe?francuski
89%
Jakie zwierzę miał Ross?Małpka
85%
Kto kupił Pheobe pierwszy rower?Ross
83%
Imię córki Rossa i Rachel?Emma
80%
Imię bliźniaczki PheobeUrsula
73%
Ulubione powiedzenie Janice:Oh my God
66%
Jak miała na imię pierwsza żona Rossa?Carol
65%
Z kim Monika przeżyła swój pierwszy pocałunek?Ross
58%
Drugie imię Chandlera to:Muriel
38%
Numer mieszkania Moniki?20
36%
W kogo wciela się Joey w serialu "Dni naszego życia"?Drake Ramoray
30%
Jak miał na imię kolega Monici i Rossa, który nienawidził Rachel? (grany przez Brada Pitta)Will
16%

Rozkład punktacji

Percentyl według liczby udzielonych odpowiedzi

Procent ludzi z każdym wynikiem

Twoja historia wyników

Nie rozwiązałeś tego quizu